English vocabulary in use: advanced
Uloženo v:
| Hlavní autoři: | , |
|---|---|
| Médium: | Kniha |
| Jazyk: | angličtina |
| Vydáno: |
Cambridge
University of Cambridge
2002
|
| Témata: | |
| Tagy: |
Přidat tag
Žádné tagy, Buďte první, kdo vytvoří štítek k tomuto záznamu!
|
MARC
| LEADER | 00000nam a2200000 a 4500 | ||
|---|---|---|---|
| 001 | UCI1274 | ||
| 003 | CL-VaPUC | ||
| 008 | 070622e20020000uk |||||||||||||||||eng|d | ||
| 020 | |a 9780521677462 | ||
| 082 | 0 | 4 | |a 423 |b MCC |2 21 |
| 100 | |a McCarthy, Michael |e autor |9 599142 | ||
| 700 | |a Oï Dell, Felicity |e author |9 521685 | ||
| 245 | 1 | 0 | |a English vocabulary in use: advanced |
| 300 | |a 315 p | ||
| 942 | |c BK | ||
| 945 | |d 20070622 00:00:00 |a jtorresc | ||
| 260 | |a Cambridge |b University of Cambridge |c 2002 | ||
| 500 | |a Contiene Cd-rom | ||
| 650 | 0 | |a Lengua inglesa |9 318842 | |
| 650 | 0 | |a Educación lingüística |9 306506 | |
| 650 | 0 | |a Libros de texto |9 270019 | |
| 650 | 0 | |a Enseñanza del inglés |9 367340 | |
| 650 | 0 | |a Métodos de enseñanza |9 270413 | |
| 583 | |a last modification |c 20170828 10:11:37 |k Rodrigo Vera | ||
| 999 | |c 326113 |d 326111 | ||
| 952 | |0 0 |1 0 |4 0 |6 423_000000000000000_MCC_2002 |7 0 |8 R |9 407844 |a BIBEDU |b BIBEDU |c MCIRC |d 2019-11-22 |i 4351177 |o 423 MCC 2002 |p 4351177 |r 2023-01-13 |w 2019-11-22 |y BK_R |k LIT | ||